BIODEGRADABLE LUBRICANTS, FRIEND OR ENEMY

Bibliographic Details
Main Author: Schofield, Jack (Author)
Format: Article
Language:English
ISBN:8022712035

MARC

LEADER 00000naa a2200000uu 4500
001 vtls010948939
003 SK-MaSNL
005 20260302125311.0
008 210905|1999 xo |||||||||||||||||eng|
015 |a SNBRA 
035 |a (urnnbn)urn:nbn:sk:snk:ar-a0bi1w 
035 |a (uuid)1d1cf766-4782-4312-b27e-cc4f0b25bf58 
035 |a urn:nbn:sk:snk-aaua4v 
040 |a SNKBUCL  |b slo  |c SNKBUCL  |e AACR2 
041 0 |a eng 
044 |a xo  |c SK 
100 1 |a Schofield, Jack  |4 aut  |9 812237 
245 1 0 |a BIODEGRADABLE LUBRICANTS, FRIEND OR ENEMY  |c Jack Schofield 
773 0 |t INTERTRIBO '99  |d Bratislava : Slovak University of Technology, 1999  |g S. 25-34  |z 8022712035 
958 |a OND 
958 |a article11 
958 |a chapter 
999 |c 1292915  |d 1294845